<?xml version="1.0" encoding="UTF-8"?>
<collection xmlns="http://www.loc.gov/MARC21/slim">
  <record>
    <leader>00000nam  2200000   4500</leader>
    <controlfield tag="001">INLIS000000000002464</controlfield>
    <controlfield tag="005">20181112110837</controlfield>
    <datafield tag="035" ind1="#" ind2="#">
      <subfield code="a">0010-0718002464</subfield>
    </datafield>
    <controlfield tag="008">181112################|##########|#|##</controlfield>
    <datafield tag="041" ind1=" " ind2=" ">
      <subfield code="a">id</subfield>
    </datafield>
    <datafield tag="082" ind1="#" ind2="#">
      <subfield code="a">R.01 PIM I 2017</subfield>
    </datafield>
    <datafield tag="090" ind1=" " ind2=" ">
      <subfield code="a">R.01 PIM I 2017</subfield>
    </datafield>
    <datafield tag="100" ind1=" " ind2="#">
      <subfield code="a">Tursilo</subfield>
    </datafield>
    <datafield tag="245" ind1="1" ind2="#">
      <subfield code="a">Standardisasi Kompetensi Dan Sertifikasi Dalam Rangka Meningkatkan Kemampuan Advokat Dan Legal Drafter Divkum POLRI /</subfield>
      <subfield code="c">Tursilo</subfield>
    </datafield>
    <datafield tag="260" ind1="#" ind2="#">
      <subfield code="a">Jakarta :</subfield>
      <subfield code="b">LAN Jakarta,</subfield>
      <subfield code="c">2017</subfield>
    </datafield>
    <datafield tag="300" ind1="#" ind2="#">
      <subfield code="a">v; 47 hlm.; Lamp.; 30 cm :</subfield>
      <subfield code="b">ilus. ;</subfield>
      <subfield code="c">30 cm.</subfield>
    </datafield>
    <datafield tag="650" ind1=" " ind2="#">
      <subfield code="a">Legal Drafter</subfield>
    </datafield>
    <datafield tag="084" ind1="#" ind2="#">
      <subfield code="a">R.01 PIM I 2017</subfield>
    </datafield>
    <datafield tag="520" ind1="#" ind2="#">
      <subfield code="a">Peningkatan kemampuan advokat dan legal drafter mutlak dilakukan untuk meningkatkan profesionalitaas dan pelaksanaan fungsi Divisi Hukum Polri. Tujuan tersebut hanya dapat diwujudkan apabila ditunjang oleh SDM advokat dan legal drafter yang memiliki kompotensi di bidang advokasi dan penyusunan peraturan perundang-undangan. Perumusan SK3 Advokat dan legal drafter divkum polri agar lebih profesional, kompeten dan bersertifikasi baik di tingkat Mabes Polri maupun jajaran Kewilayahan.</subfield>
    </datafield>
  </record>
</collection>
